| 000 | 00837nam a22002177a 4500 | ||
|---|---|---|---|
| 999 |
_c2161 _d2161 |
||
| 003 | AR-CdUCM | ||
| 008 | 190304b ||||| |||| 00| 0 eng d | ||
| 040 |
_aMUNICIPALIDAD PROVINCIAL DEL CUSCO _cBIBLIOTECA MUNICIPAL DEL CUSCO |
||
| 082 |
_a901.1 / _bT48 |
||
| 100 |
_aThorndike, Lynn _97798 |
||
| 245 | _aHistoria de la Civilizacion / | ||
| 260 |
_aArgentina : _bClaridad , _c1953. |
||
| 300 |
_a574 páginas. _c23.4 cm. |
||
| 440 |
_aBiblioteca de Historia _n3 _97799 |
||
| 505 | _aContenido: Imperialismo y Expansion -- La Genesis de nuestra Civilizacion Actual -- El cambio religioso en Europa -- Renacimiento de la Civilizacion en Occidente -- Los Invasores Barbaros... | ||
| 650 |
_aHistoria General _92009 |
||
| 650 |
_aCivilizacion _91048 |
||
| 650 |
_aHistoria de la Civilizacion _97800 |
||
| 942 |
_2ddc _cLIBROS |
||
| 945 | _artm | ||